Surveying for engineers (Record no. 106136)

MARC details
000 -LEADER
fixed length control field 01465cam a2200277 4500
001 - CONTROL NUMBER
control field ##L135666
008 - FIXED-LENGTH DATA ELEMENTS--GENERAL INFORMATION
fixed length control field 061123n2006 000 0 eng u
020 ## - INTERNATIONAL STANDARD BOOK NUMBER
International Standard Book Number 1403920540
-- 9781403920546
035 ## - SYSTEM CONTROL NUMBER
System control number (Sirsi) u135666
041 0# - LANGUAGE CODE
Language code of text/sound track or separate title eng
050 04 - LIBRARY OF CONGRESS CALL NUMBER
Classification number 526.902462 $2 18
100 1# - MAIN ENTRY--PERSONAL NAME
Personal name Uren, J.
245 00 - TITLE STATEMENT
Title Surveying for engineers
250 ## - EDITION STATEMENT
Edition statement 4th ed.
260 ## - PUBLICATION, DISTRIBUTION, ETC.
Place of publication, distribution, etc. Basingstoke
Name of publisher, distributor, etc. Palgrave Macmillan
Date of publication, distribution, etc. 2006
300 ## - PHYSICAL DESCRIPTION
Extent vi, 824p.
Dimensions 24cm.
350 ## - PRICE (NR) (BK AM CF MU VM SE) [OBSOLETE]
Price 29.99
505 1# - FORMATTED CONTENTS NOTE
Formatted contents note Levelling -- Angle measurement -- Distance measurement: taping -- Total stations -- Traversing and coordinate -- Global positioning system -- GPS coordinates and transformations -- Measurements, errors and specifications -- Detail surveying and mapping -- Setting out -- Circular curves -- Transition curves -- Vertical curves -- Earthwork quantities -- Surveying calculations
520 ## - SUMMARY, ETC.
Summary, etc. Written primarily for students, this comprehensive text covers the basic techniques and methods required in engineering and construction surveying. Includes the latest developments in survey instruments and methods, the Global Positioning System and new technologies such as laser scanners. Each chapter provides clear aims and summaries, worked examples, exercises, web links and further reading.
590 ## - LOCAL NOTE (RLIN)
Local note KA
651 #4 - SUBJECT ADDED ENTRY--GEOGRAPHIC NAME
Geographic name United Kingdom
Chronological subdivision
690 ## - LOCAL SUBJECT ADDED ENTRY--TOPICAL TERM (OCLC, RLIN)
Topical term or geographic name as entry element ENVIRONMENTAL AND LAND CONSULTANCY-GEOMATICS-ENGINEERING SURVEYING
700 1# - ADDED ENTRY--PERSONAL NAME
Personal name Price, W. F.
942 ## - ADDED ENTRY ELEMENTS (KOHA)
Suppress in OPAC 0
Holdings
Withdrawn status Lost status Source of classification or shelving scheme Damaged status Not for loan Home library Current library Shelving location Date acquired Cost, normal purchase price Total Checkouts Full call number Barcode Date last seen Date last checked out Copy number Cost, replacement price Price effective from Koha item type
    Dewey Decimal Classification     London London Basement 12/12/2006 25.49 20 RESERVE 30073478 06/08/2019 25/11/2009 1 25.49 06/08/2019 Book